00582nam a2200181Ia 4500008004100000041001200041082001100053100001600064245005700080250000800137260003800145300000800183650000700191700001600198942000700214999001700221952016200238221030s9999 xx 000 0 und d aEnglish a105.23 aL. F. Blume 0aTransformer Engineeringcby L. F. Blume, A. Boyajian a2nd bJohn Wiley & SonsaNew Yorkc1951 a500 aEE aA. Boyajian cBK c10532d10532 pBE 12565l0o105.23 r2024-06-13 00:00:00w2022-10-30yBK003Print4070aMIETLIBbMIETLIBcBL-Academic Block B, FL-2, CUP-161, SH-4, R-4d2012-05-2910HBE